مجموعة دراسات إقتصادية للعام 2011 / (رقم التسجيلة. 127934)

تفاصيل مارك
000 -LEADER
fixed length control field 00660nam a22002057a 4500
005 - DATE AND TIME OF LATEST TRANSACTION
control field 20251108175156.0
008 - FIXED-LENGTH DATA ELEMENTS--GENERAL INFORMATION
fixed length control field 250721s2011 xx 000 0 ara d
082 14 - DEWEY DECIMAL CLASSIFICATION NUMBER
Classification number م/346.04/غرف
245 10 - TITLE STATEMENT
Title مجموعة دراسات إقتصادية للعام 2011 /
264 1# - PRODUCTION, PUBLICATION, DISTRIBUTION, MANUFACTURE, AND COPYRIGHT NOTICE
Place of production, publication, distribution, manufacture عمان :
Name of producer, publisher, distributor, manufacturer مطابع الدستور التجارية،
Date of production, publication, distribution, manufacture, or copyright notice 2011.
300 ## - PHYSICAL DESCRIPTION
Extent 164 ص.
650 17 - SUBJECT ADDED ENTRY--TOPICAL TERM
Topical term or geographic name as entry element المالكون
650 17 - SUBJECT ADDED ENTRY--TOPICAL TERM
Topical term or geographic name as entry element الإيجار
650 17 - SUBJECT ADDED ENTRY--TOPICAL TERM
Topical term or geographic name as entry element القانون
650 17 - SUBJECT ADDED ENTRY--TOPICAL TERM
Topical term or geographic name as entry element الإقتصاد الإجتماعي
653 ## - INDEX TERM--UNCONTROLLED
Uncontrolled term غرفة تجارة عمان
710 2# - ADDED ENTRY--CORPORATE NAME
Corporate name or jurisdiction name as entry element اعداد غرفة تجارة عمان
Relator term مؤلف
942 ## - ADDED ENTRY ELEMENTS (KOHA)
Source of classification or shelving scheme Dewey Decimal Classification
Koha item type مراجع
المقتنيات
حالة السحب حالة الفقدان مصدر التصنيف حالة التلف غير قابل للإعارة المكتبة الرئيسية المكتبة الحالية موقع الرف تاريخ التزويد الرقم المتسلسل Total Checkouts رقم الإستدعاء الباركود تاريخ آخر ظهور تاريخ الفاتورة نوع المادة (كوها)
    Dewey Decimal Classification   Not For Loan المكتبة المركزية المكتبة المركزية مراجع 28/07/2025 1558412   م/346.04/غرف PLD00287599 28/07/2025 28/07/2025 مراجع
    Dewey Decimal Classification   Not For Loan مكتبة النصر العامة مكتبة النصر العامة مراجع 27/11/2013 1558416   م/346.04/غرف PLD00288227 28/07/2025 27/11/2013 مراجع
    Dewey Decimal Classification   Not For Loan مكتبة حمزة العامة مكتبة حمزة العامة مراجع 27/11/2013 1558413   م/346.04/غرف PLD00288224 28/07/2025 27/11/2013 مراجع
    Dewey Decimal Classification   Not For Loan مكتبة وادي السير العامة مكتبة وادي السير العامة مراجع 27/11/2013 1558414   م/346.04/غرف PLD00288225 28/07/2025 27/11/2013 مراجع
Implemented & Customized by: BBB with SCIT (Smart Chains for Information Technology)

Powered by Koha